Engineering economy (Record no. 1549)

000 -LEADER
fixed length control field 00674nam a22002294a 4500
001 - CONTROL NUMBER
control field 1549
003 - CONTROL NUMBER IDENTIFIER
control field BD-DhUET
008 - FIXED-LENGTH DATA ELEMENTS--GENERAL INFORMATION
fixed length control field 000424s2001 njua b 001 0 eng
020 ## - INTERNATIONAL STANDARD BOOK NUMBER
International Standard Book Number 013028128X
040 ## - CATALOGING SOURCE
Original cataloging agency DLC
Transcribing agency DLC
Modifying agency BD-DhUET
082 00 - DEWEY DECIMAL CLASSIFICATION NUMBER
Classification number 620.02
Item number THU/2001
100 ## - MAIN ENTRY--PERSONAL NAME
Personal name Thuesen, G. J.
245 10 - TITLE STATEMENT
Title Engineering economy
Statement of responsibility, etc. by G.J. Thuesen and W.J. Fabrycky
250 ## - EDITION STATEMENT
Edition statement 9th ed.
260 ## - PUBLICATION, DISTRIBUTION, ETC. (IMPRINT)
Place of publication, distribution, etc. New Jersy
Name of publisher, distributor, etc. Prentice Hall
Date of publication, distribution, etc. 2001
300 ## - PHYSICAL DESCRIPTION
Extent xiv, 637 p.
Other physical details ill.
Dimensions 25 cm.
490 ## - SERIES STATEMENT
Series statement Prentice hall international series in industrial and sytems engineering
504 ## - BIBLIOGRAPHY, ETC. NOTE
Bibliography, etc Includes bibliographies
650 #0 - SUBJECT ADDED ENTRY--TOPICAL TERM
Topical term or geographic name as entry element Engineering economy
700 1# - ADDED ENTRY--PERSONAL NAME
Personal name Fabrycky, W. J.
942 ## - ADDED ENTRY ELEMENTS (KOHA)
Koha item type General Book
Holdings
Sublocation or collection (holding branch) Damaged status Koha date last borrowed Shelving location Date acquired Source of classification or shelving scheme Not for loan Withdrawn status Koha issues (times borrowed) Location (home branch) Copy number Koha full call number Koha date last seen Piece designation (barcode) Lost status Koha normalized classification for sorting Price effective from Koha item type
Central Library, BUET  Circulation section2014-09-08    Central Library, BUET1620.02/THU/20012014-09-08102596 620_000000000000000_02THU20012014-09-08General Book
Central Library, BUET  Circulation section2014-09-08    Central Library, BUET2620.02/THU/20012014-09-08102594 620_000000000000000_02THU20012014-09-08General Book
Central Library, BUET 2021-11-29Circulation section2014-09-08   1Central Library, BUET3620.02/THU/20012021-12-20102590 620_000000000000000_02THU20012014-09-08General Book
Central Library, BUET  Circulation section2014-09-08    Central Library, BUET4620.02/THU/20012014-09-08102595 620_000000000000000_02THU20012014-09-08General Book
Central Library, BUET  Circulation section2014-09-08    Central Library, BUET5620.02/THU/20012014-09-08102589 620_000000000000000_02THU20012014-09-08General Book
Central Library, BUET  Circulation section2014-09-08    Central Library, BUET6620.02/THU/20012014-09-08102588 620_000000000000000_02THU20012014-09-08General Book
Central Library, BUET 2022-03-21Circulation section2014-09-08   2Central Library, BUET8620.02/THU/20012022-04-16102592 620_000000000000000_02THU20012014-09-08General Book
Central Library, BUET  Circulation section2014-09-08    Central Library, BUET9620.02/THU/20012014-09-08102591 620_000000000000000_02THU20012014-09-08General Book
Central Library, BUET  Circulation section2014-09-15    Central Library, BUET10620.02/THU/20012014-09-15102593 620_000000000000000_02THU20012014-09-15General Book
Central Library, BUET 2021-12-04Circulation section2014-09-27   3Central Library, BUET11620.02/THU/20012021-12-20101877 620_000000000000000_02THU20012014-09-27General Book
Central Library, BUET  Circulation section2014-10-19    Central Library, BUET12620.02/THU/20012014-10-19112838 620_000000000000000_02THU20012014-10-19General Book
Central Library, BUET  Circulation section2014-11-23    Central Library, BUET13620.02/THU/20012014-11-23101878 620_020000000000000_THU_20012014-11-23General Book